000 00520nam a2200169Ia 4500
003 GCL
008 140319s9999 xx 000 0 ara d
040 _aGCL /
_cGCL
082 0 4 _a584.5
_bع ن
100 1 _aعبداللطيف واكد
245 1 0 _aالنخيل (هدية من الاديب عبدالفتاح الجمل) /
_cعبداللطيف واكد
300 _a302 ص
490 _aالهيئة العامة للاستعلامات
_v0
650 0 4 _aالزراعة
650 0 4 _aالنخيل
942 _2ddc
_cBK
999 _c47470
_d47470